Word Ladder: Indiana City Quiz Stats

Quiz Updated Sep 23, 2017

Also try: Indiana Cities
Challenge
Share
Tweet
Embed
Score 0/12 Timer 02:00
0 Plays Today
Clue Answer % Correct
Sail supportsMASTS
87.1%
_____ makes wasteHASTE
85.4%
Groups on BroadwayCASTS
84.9%
Social class in HinduismCASTE
82.9%
Convenience stores e.g.MARTS
75.8%
Common destination on New Year's EvePARTY
73%
1955 Best Picture winnerMARTY
65.1%
Deflect an attack, in fencingPARRY
64.8%
Director GilliamTERRY
62.1%
Wait aroundTARRY
58.3%
With [first rung], Indiana city that means 'high land' in FrenchHAUTE
55.4%
With [last rung], Indiana city that means 'high land' in FrenchTERRE
55.3%

Today's Daily Dose

You're not logged in!

Compare scores with friends on all Sporcle quizzes.
Sign Up with Email
OR
Log In

You Might Also Like...

Show Comments

Extras

Top Quizzes Today


Score Distribution

Your Account Isn't Verified!

In order to create a playlist on Sporcle, you need to verify the email address you used during registration. Go to your Sporcle Settings to finish the process.